[Event "ROM-ch (Women)"]
[Site "Eforie Nord"]
[Date "2024.02.26"]
[Round "4"]
[White "Kiss, Hanna"]
[Black "Iordache, Alexia Andreea"]
[Result "0-1"]
[WhiteElo "1419"]
[BlackElo "1774"]
[PlyCount "118"]
[EventDate "2024.02.24"]
[EventType "swiss"]
[EventRounds "9"]
[EventCountry "ROU"]
[SourceTitle "CB10_2024"]
[SourceDate "2024.03.06"]
[SourceVersion "1"]
[SourceVersionDate "2024.03.06"]
[SourceQuality "1"]

1. e4 c5 2. Nf3 d6 3. d4 cxd4 4. Nxd4 Nf6 5. Nc3 a6 6. g3 e5 7. Nde2 Be7 8. Bg2 0-0 9. 0-0 b5 10. Nd5 Nbd7 11. Nec3 Bb7 12. Be3 Rc8 13. Rc1 Nxd5 14. Nxd5 Bxd5 15. Qxd5 Qc7 16. Rfd1 Nb6 17. Bxb6 Qxb6 18. h4 Rc5 19. Qb3 Rc4 20. Qf3 Rfc8 21. c3 Qc6 22. Re1 Rc5 23. Re3 a5 24. b3 g6 25. a3 b4 26. a4 Rxc3 27. Rexc3 bxc3 28. Bf1 f5 29. Bc4+ Kh8 30. Bd5 Qd7 31. Rxc3 Rf8 32. Qg2 f4 33. Rf3 Qc7 34. Qf1 Qc8 35. Qg2 Qc1+ 36. Qf1 Qc8 37. Qg2 Qc5 38. Kh2 Qc1 39. Rd3 Qc2 40. Rf3 Qe2 41. Kh3 Kg7 42. g4 Rc8 43. g5 Qd1 44. Bc4 Qe1 45. Rd3 Rh8 46. Qf3 h6 47. Rd1 Qb4 48. Kg2 hxg5 49. hxg5 Rh5 50. Rh1 Rxg5+ 51. Kf1 Qd2 52. Qe2 Qd4 53. Rh3 Qa1+ 54. Qe1 Rg1+ 55. Kxg1 Qxe1+ 56. Kg2 g5 57. Rh1 f3+ 58. Kh2 Qxf2+ 59. Kh3 Qg2# 0-1

[Event "ROM-ch U10 Girls"]
[Site "Calimanesti Caciulata"]
[Date "2019.04.20"]
[Round "7.5"]
[White "Militaru, Andreea Elena"]
[Black "Kiss, Hanna"]
[Result "1-0"]
[WhiteElo "1164"]
[BlackElo "1018"]
[PlyCount "115"]
[EventDate "2019.04.15"]
[EventType "swiss"]
[EventRounds "9"]
[EventCountry "ROU"]
[SourceTitle "EXT 2024"]
[Source "ChessBase"]
[SourceDate "2023.10.10"]
[SourceVersion "1"]
[SourceVersionDate "2023.10.10"]
[SourceQuality "1"]

1. d4 d5 2. Bf4 Nf6 3. e3 e6 4. Nf3 Nbd7 5. Bd3 Be7 6. 0-0 0-0 7. Nbd2 b6 8. Ne5 Bb7 9. Bb5 Nxe5 10. Bxe5 Nd7 11. Bf4 f5 12. Nf3 h6 13. h3 Rf6 14. Be5 Rg6 15. Bh2 a6 16. Bd3 Qf8 17. Bxc7 Bd6 18. Bxd6 Qxd6 19. Nh4 Rf6 20. Qh5 Nf8 21. f4 Bc6 22. Nf3 Be8 23. Qh4 Rg6 24. Ne5 Rf6 25. Rf3 Bg6 26. c4 Bh7 27. Rg3 Ng6 28. Qh5 Ne7 29. c5 bxc5 30. dxc5 Qd8 31. Qe2 a5 32. Rc1 Rc8 33. Ba6 Rc7 34. Qb5 Qa8 35. Nd7 Rg6 36. Rxg6 Bxg6 37. Qb8+ Qxb8 38. Nxb8 Nc6 39. Nxc6 Rxc6 40. Bb5 Rc7 41. a4 Bf7 42. Kf2 Kf8 43. Ke2 Ke7 44. Kd3 Kd8 45. Kd4 Kc8 46. Ke5 Kb7 47. Kd6 g6 48. Rb1 g5 49. g3 Bg8 50. b4 axb4 51. Rxb4 Bf7 52. h4 Rc8 53. Bd7+ Ka8 54. Bxc8 gxf4 55. gxf4 h5 56. Kc7 d4 57. Rb6 Be8 58. Ra6# 1-0